| 000 | 00495nam a2200205Ia 4500 | ||
|---|---|---|---|
| 008 | 170918s9999 xx 000 0 und d | ||
| 020 | _a9780439682497 | ||
| 050 | _bL666 2004 | ||
| 100 | _aLeviton, Michael | ||
| 245 | _aCyrano & the nose / | ||
| 245 | _cEdmond Rostand and Nikolai Gogol. | ||
| 260 | _aNew York : | ||
| 260 | _bScholastic, | ||
| 260 | _c2004 | ||
| 300 | _a52 pages : | ||
| 300 | _bcolored illustration ; | ||
| 300 | _c20cm. | ||
| 440 | _aRead 180. | ||
| 500 | _a450 | ||
| 999 |
_c341477 _d341477 |
||